000 00583nam a22002177a 4500
003 OSt
005 20140310181929.0
008 130722t xxu||||| |||| 00| 0 eng d
020 _a9780140376517
050 _aQP 40
_b.H313 1995
082 _aTRS 611
_bH24 1995
100 _aHarris, Nicholas
_92593
245 _aHuman body :
_bthe world untolds /
_cNicholas Harris.
300 _a17 p. :
_bill. col. ;
_c31 cm.
521 _aFaculty
541 _j1
562 _e1
650 _aSkeleton
_92594
650 _aMusic
_xHuman Body
_xchart
_92595
942 _2lcc
_cBK-TR
_kTR
999 _c7295
_d7295